| Tag |
First Indicator |
Second Indicator |
Subfields |
| LEADER |
00000cam a2200000 4500 |
| 001 |
in00000311213 |
| 005 |
20151010141325.0 |
| 008 |
731001s1967 enkab b 00010 eng d |
| 010 |
|
|
|a 67094660
|
| 015 |
|
|
|a B67-8822
|
| 035 |
|
|
|a (OCoLC)00957145
|
| 035 |
|
|
|9 ABH3081AM
|
| 040 |
|
|
|a DLC
|c DLC
|d TXA
|d UtOrBLW
|
| 049 |
|
|
|a TXAM
|c [1125481]
|
| 050 |
0 |
0 |
|a DK651.N506
|b T4 1967b
|
| 100 |
1 |
|
|a Thompson, M. W.
|q (Michael Welman)
|
| 245 |
1 |
0 |
|a Novgorod the great: excavations at the medieval city directed by A. V. Artsikhovsky and B. A. Kolchin /
|c compiled and written by M. W. Thompson.
|
| 264 |
|
1 |
|a London :
|b Evelyn, Adams & Mackay,
|c 1967.
|
| 300 |
|
|
|a xvii, 104 pages :
|b frontispiece, illustrations, maps, diagrams
|
| 336 |
|
|
|a text
|b txt
|2 rdacontent
|
| 337 |
|
|
|a unmediated
|b n
|2 rdamedia
|
| 338 |
|
|
|a volume
|b nc
|2 rdacarrier
|
| 500 |
|
|
|a Illus. on endpapers.
|
| 504 |
|
|
|a Bibliographical footnotes.
|
| 651 |
|
0 |
|a Novgorod (Russia)
|x Antiquities.
|
| 999 |
|
|
|a MARS
|
| 999 |
f |
f |
|s 9a466413-9891-3701-8663-bc6aa158c78d
|i eac1cde9-2d74-3603-8160-415c9c7d0af6
|t 0
|
| 952 |
f |
f |
|p ric
|a Texas A&M University
|b Rellis Campus
|c Joint Library Facility
|d Remote Storage
|t 0
|e DK651.N506 T4 1967b
|h Library of Congress classification
|i unmediated -- volume
|m A14802010202
|
| 998 |
f |
f |
|a DK651.N506 T4 1967b
|t 0
|l Remote Storage
|